Normal view
MARC view
- الإعلام وتكنولوجيا المعلومات -دعم الديمقراطية - حرية تعبير - ملتقى
Entry Topical Term
001 - CONTROL NUMBER
- control field: 34446
003 - CONTROL NUMBER IDENTIFIER
- control field: JO-AjAnu
005 - DATE AND TIME OF LATEST TRANSACTION
- control field: 20230606075753.0
008 - FIXED-LENGTH DATA ELEMENTS
- fixed length control field: 230606|| aca||aabn | a|a d
040 ## - CATALOGING SOURCE
- Original cataloging agency: JO-AjAnu
- Transcribing agency: JO-AjAnu
150 ## - HEADING--TOPICAL TERM
- Topical term or geographic name entry element: الإعلام وتكنولوجيا المعلومات -دعم الديمقراطية - حرية تعبير - ملتقى
670 ## - SOURCE DATA FOUND
- Source citation: Work cat.: (JO-AjAnu)17693: المنظمة العربية للتنمية الإدارية, author 34445, دور الإعلام وتكنولوجيا المعلومات في دعم الديمقراطية وحرية التعبير: بحوث وأوراق عمل ملتقى دور الإعلام وتكنولوجيا المعلومات في دعم الديمقراطية وحرية التعبير والرأي (تجارب عربية) كوالالمبور - ماليزيا ، سبتمبر 2011